Normal view
MARC view
Entry Personal Name
001 - CONTROL NUMBER
- control field: 4131
003 - CONTROL NUMBER IDENTIFIER
- control field: HDC
005 - DATE AND TIME OF LATEST TRANSACTION
- control field: 20230624073155.0
008 - FIXED-LENGTH DATA ELEMENTS
- fixed length control field: 210114|| aca||aabn | a|a d
040 ## - CATALOGING SOURCE
- Original cataloging agency: HDC
- Transcribing agency: HDC
100 ## - HEADING--PERSONAL NAME
- Personal name: Montgomery, Mary K
670 ## - SOURCE DATA FOUND
- Source citation: Work cat.: (HDC): Norman, Jeffrey A. author 4130, dsRNA genetic elements : concepts and applications in agriculture, forestry, and medicine : Chapter 1, 2002.
